000 00562cam a2200181 a 4500
020 _a047188474X
020 _a9780471884743
040 _cDLC
082 _a519 WIL 1984 A027 Or.
100 1 _aHettmansperger, Thomas P.,
245 1 0 _aStatistical inference based on ranks /
260 _aNew York :
_bWiley,
_cc1984.
300 _axvii, 323 p. ;
_c24 cm.
490 1 _aWiley series in probability and mathematical statistics. Probability and mathematical statistics,
650 0 _aExperimental design.
650 0 _aNonparametric statistics.
942 _cEK
999 _c13045
_d13045